000 00399 a2200157 4500
001 190662
020 _a978-85-63428-02-8
040 _cMagnum
100 _aMcalister, Marta Ribeiro
240 1 0 _aAs aventuras de mariana: quero ser médica
_lpor
245 1 0 _aAs aventuras de mariana: quero ser médica
300 _a50
362 0 _a2010
697 _aLITERATURA INFANTO-JUVENIL
942 _cBK
999 _c190662
_d190662